Introduction to feedback control systems / (Record no. 183858)
[ view plain ]
| 000 -LEADER | |
|---|---|
| fixed length control field | 01227 a2200229 4500 |
| 003 - CONTROL NUMBER IDENTIFIER | |
| control field | Nust |
| 005 - DATE AND TIME OF LATEST TRANSACTION | |
| control field | 20230316151755.0 |
| 010 ## - LIBRARY OF CONGRESS CONTROL NUMBER | |
| LC control number | 78011264 |
| 020 ## - INTERNATIONAL STANDARD BOOK NUMBER | |
| International Standard Book Number | 007019310X |
| 040 ## - CATALOGING SOURCE | |
| Transcribing agency | Nust |
| 082 00 - DEWEY DECIMAL CLASSIFICATION NUMBER | |
| Classification number | 629.83,EMA |
| 100 1# - MAIN ENTRY--PERSONAL NAME | |
| Personal name | Emanuel, Pericles, |
| 9 (RLIN) | 110465 |
| 245 10 - TITLE STATEMENT | |
| Title | Introduction to feedback control systems / |
| Statement of responsibility, etc. | Pericles Emanuel, Edward Leff. |
| 250 ## - EDITION STATEMENT | |
| Edition statement | Iternational Student Edition |
| 260 ## - PUBLICATION, DISTRIBUTION, ETC. | |
| Place of publication, distribution, etc. | London : |
| Name of publisher, distributor, etc. | McGraw-Hill, |
| Date of publication, distribution, etc. | c1976. |
| 300 ## - PHYSICAL DESCRIPTION | |
| Extent | xvi, 378 p. : |
| Other physical details | ill. ; |
| Dimensions | 24 cm. |
| 490 0# - SERIES STATEMENT | |
| Series statement | McGraw-Hill series in electrical engineering |
| 505 ## - FORMATTED CONTENTS NOTE | |
| Formatted contents note | Introduction to Feedback Control Systems (Page-1), Servo Components (Page-8), Mathematical Techniques (Page-59), Transfer Functions of Components and Block Diagrams (Page-85), Analysis of Second Order Servo Systems (Page-108), Frequency Response Analysis (Page-138), Compensation (Page-178), Other Types of Control Systems (Page-197), Digital Servos and Components (Page-211) ,Data Acquisition and Interface Components (Page-230) Interfacing the Computer and the Control System (Page-282) Motor Controls (Page-296), Analog Computers and Simulation (Page-315). |
| 650 #0 - SUBJECT ADDED ENTRY--TOPICAL TERM | |
| Topical term or geographic name entry element | Feedback control systems. |
| 700 1# - ADDED ENTRY--PERSONAL NAME | |
| Personal name | Leff, Edward, |
| Dates associated with a name | 1938- |
| 9 (RLIN) | 110466 |
| 942 ## - ADDED ENTRY ELEMENTS (KOHA) | |
| Source of classification or shelving scheme | |
| Koha item type | Book |
| Withdrawn status | Lost status | Source of classification or shelving scheme | Damaged status | Not for loan | Permanent Location | Current Location | Shelving location | Date acquired | Full call number | Barcode | Date last seen | Price effective from | Koha item type | Public note | Total Checkouts |
|---|---|---|---|---|---|---|---|---|---|---|---|---|---|---|---|
| Military College of Signals (MCS) | Military College of Signals (MCS) | General Stacks | 12/12/2016 | 629.83,EMA | MCS5135 | 12/08/2016 | 12/12/2016 | Book | Almirah No.74, Shelf No.7 | ||||||
| Military College of Signals (MCS) | Military College of Signals (MCS) | General Stacks | 12/12/2016 | 629.83,EMA | MCS5136 | 12/08/2016 | 12/12/2016 | Book | Almirah No.74, Shelf No.7 | ||||||
| Military College of Signals (MCS) | Military College of Signals (MCS) | General Stacks | 03/16/2023 | 629.83,EMA | MCS5137 | 03/16/2023 | 03/16/2023 | Book | Almirah No.74, Shelf No.7 |
